000 006800000a22001930004500
001 768714001
003 CO-MdFUSB
005 20170421163637.0
008 170421s2003 cr ||||| |||| 00| 0 spa d
040 _aCO-MdFUSB
_bspa
_cCO-MdFUSB
_dCO-MdFUSB
041 _aspa
100 1 _aRodríguez Alvarado, Raul
_eautor
245 1 0 _a¿Qué no ves el problema? :
_blas deficiencias de la vista y el bajo rendimiento escolar
300 _aVolumen 5, número 17, (2003), Página 12
_c27 cm.
546 _aTexto en español
650 1 4 _aTRABAJO SOCIAL CON NIÑOS
773 0 _tAlcanzando a los Niños en Riesgo
_049458
_960579
_gVolumen 5, número 17, (2003),
_qPágina 12
942 _cANA
999 _c49626
_d49626